000 00622cam a2200145 4500500
005 20251228052419.0
041 _afre
042 _adc
100 1 0 _aLeclerc-Olive, Michèle
_eauthor
245 0 0 _a« Cité-État et statut politique de la ville en Afrique et ailleurs », Journal des Africanistes, Paris, Société des Africanistes, 2004, tome 74, fasc. 1 et 2.
260 _c2005.
500 _a52
786 0 _nCahiers d'études africaines | 178 | 2 | 2005-06-01 | p. 585g-620g | 0008-0055
856 4 1 _uhttps://shs.cairn.info/revue-cahiers-d-etudes-africaines-2005-2-page-585g?lang=fr&redirect-ssocas=7080
999 _c1583503
_d1583503